Statistics for Minecraft Items and Blocks By Crafting Recipe Pictures

Click here to take the quiz!

General Stats

  • This quiz has been taken 35 times
  • The average score is 8 of 12

Answer Stats

Answer% Correct
Flint and Steel
84%
Magma Block
81%
Banner
77%
Spyglass
77%
Leather
71%
Map
71%
Scaffolding
71%
Target Block
68%
Stonecutter
61%
Candle
55%
Fire Charge
48%
Detector Rail
35%

Score Distribution

Percentile by Number Answered

Percent of People with Each Score

Your Score History

You have not taken this quiz